000 00564nam a2200193Ia 4500
005 20250326142941.0
008 250326s9999 xx 000 0 und d
037 _aTextbook
040 _aFMSL
_beng
_cFMSL
041 _aeng
_2eng
084 _aL P2
_qFMSL
100 _aJones L
_9746963
245 0 _aChallenge of Promoting Health; exploration and action
_cJones L; Sidell M And Others
250 _aEd 2
260 _aUnited Kingdom
_bUnited Kingdom, Open University
_c2002
300 _axiv,350
942 _cTB
_hL P2
999 _c1297415
_d1297415